000 00811nam a2200253Ia 4500
005 20260704175958.0
008 260704s9999||||xx |||||||||||||| ||und||
020 _a075731550X
_qpbk
020 _a9780757315503
_qpbk
082 _a616.99406
_bFRA
100 _aFrancis, Raymond
245 0 _aNever fear cancer again : how to prevent and reverse cancer
260 _aDeerfield Beach, FL
_bHealth Communications
_c2011
300 _axii, 372p. ; 21cm.
653 _aCancer --Prevention --Popular works
653 _aCancer patients — Care
653 _aCancer--Alternative treatment
653 _aCancer--Alternative treatment
653 _aCancer--Diet therapy
653 _aComplementary therapies
653 _aIntegrative medicine
700 _aDiamond, Harvey [Foreword by]
942 _cBK
999 _c57410
_d57410